000
00297nam a22001337a 4500
008
170907b xxu||||| |||| 00| 0 eng d
020
_a
9780136025450
041
_a
eng
080
_2
8 ED
_a
41
100
_a
72
101
_a
ARK
245
_a
CONTEMPORARY PLANNING
_c
LEVY.J.M
942
_2
udc
_c
BK
999
_c
26459
_d
26459